LDR 01424naa#a2200169#i#450# 001 RU\\bibl\121786 005 20260503193136.7 011 ## _a1998-8990 100 ## _a20260423b2026####ek#y0rusy0150####ca 102 ## _aRU 200 1# _aОЦЕНКА СНИЖЕНИЯ СОЦИАЛЬНЫХ ИЗДЕРЖЕК ОТ УГЛЕРОДНЫХ ВЫБРОСОВ ГИБРИДНЫМИ АВТОМОБИЛЯМИ _eЖурнальная статья 210 1# _aСанкт-Петербург _cСанкт-Петербургский университет Государственной противопожарной службы Министерства Российской Федерации по делам гражданской обороны, чрезвычайным ситуациям и ликвидации последствий стихийных бедствий имени Героя Российской Федерации генерала армии Е.Н. Зиничева _d2026 215 ## _a13 с. 608 ## _aЖурнальная статья _2local 675 ## _aТранспортное обслуживание. Организация и управление перевозками. Почтовая связь. 656 _aОхрана окружающей среды. Управление качеством окружающей среды .. 504.06 _z 700 #1 _aРаков _gВячеслав Александрович 856 4# _ajournals.igps.ru _u